| 000 -LEADER |
| fixed length control field |
01518nam a22001697a 4500 |
| 008 - FIXED-LENGTH DATA ELEMENTS--GENERAL INFORMATION |
| fixed length control field |
190818b ||||| |||| 00| 0 eng d |
| 100 ## - MAIN ENTRY--PERSONAL NAME |
| Personal name |
Baker, Andy |
| 245 ## - TITLE STATEMENT |
| Title |
Does democratization lower consumer prices? Regime type, prices, and the consumer–producer tradeoff |
| 260 ## - PUBLICATION, DISTRIBUTION, ETC. (IMPRINT) |
| Date of publication, distribution, etc |
2019 |
| 300 ## - PHYSICAL DESCRIPTION |
| Extent |
p.145-160. |
| 520 ## - SUMMARY, ETC. |
| Summary, etc |
The booming literature on the consequences of democratization for material welfare has produced no findings on the relationship between regime type and relative consumer prices. The literature largely shows that democracies favor masses over elites, generating the expectation that democratization should lower consumer prices. Yet it also finds that democratization boosts economic growth, an outcome that is partially contingent on making consumer goods expensive relative to capital goods. We argue that democratization lowers relative consumer prices since politicians under democracy can more effectively chase votes by satisfying consumers’ demands for the immediate payoff of lower prices. Our statistical analysis of 160-plus countries over 60 years shows that democratization raises consumer advantage, which is the consumer price level relative to the price level of capital goods. We also provide evidence of the policy levers that democratizing countries have used to achieve this effect. - Reproduced. |
| 650 ## - SUBJECT ADDED ENTRY--TOPICAL TERM |
| Topical term or geographic name as entry element |
Consumers |
| 9 (RLIN) |
8507 |
| 700 ## - ADDED ENTRY--PERSONAL NAME |
| Personal name |
Wojcik, Stefan |
| 9 (RLIN) |
8508 |
| 773 ## - HOST ITEM ENTRY |
| Main entry heading |
International Political Science Review |
| 906 ## - LOCAL DATA ELEMENT F, LDF (RLIN) |
| Subject DIP |
Democratization |
| 942 ## - ADDED ENTRY ELEMENTS (KOHA) |
| Item type |
Articles |